Giáo trình thí nghiệm vật liệu xây dựng: T2

সংরক্ষণ করুন:
গ্রন্থ-পঞ্জীর বিবরন
প্রধান লেখক: Nguyễn Thúc Tuyên
বিন্যাস: গ্রন্থ
ভাষা:Undetermined
প্রকাশিত: Hà Nội ĐH và THCN 1983
বিষয়গুলি:
ট্যাগগুলো: ট্যাগ যুক্ত করুন
কোনো ট্যাগ নেই, প্রথমজন হিসাবে ট্যাগ করুন!
Thư viện lưu trữ: Trung tâm Học liệu Trường Đại học Cần Thơ
LEADER 00548nam a2200169Ia 4500
001 CTU_34786
008 210402s9999 xx 000 0 und d
082 |a 620.110287 
082 |b T527/T2 
100 |a Nguyễn Thúc Tuyên 
245 0 |a Giáo trình thí nghiệm vật liệu xây dựng: T2 
245 0 |c Nguyễn Thúc Tuyên, Nguyễn Tấn Quý 
260 |a Hà Nội 
260 |b ĐH và THCN 
260 |c 1983 
650 |a construction materials 
980 |a Trung tâm Học liệu Trường Đại học Cần Thơ